| 000 | 00672nam a2200241 a 4500 | ||
|---|---|---|---|
| 005 | 20210219153427.0 | ||
| 008 | 991125n 000 0 u | ||
| 035 | _aUPN01000098134 | ||
| 100 | _aPais, Jose Machado | ||
| 222 | _aJOURNAL OF EDUCATION POLICY | ||
| 245 | _aRoutes to adulthood in a changing society : the portuguese experience | ||
| 300 | _a9-15 | ||
| 362 | _a8, No. 1, 1993 | ||
| 505 | _aJulio 1993 | ||
| 653 | 0 | _aCAMBIO ECONOMICO | |
| 653 | 0 | _aCAMBIO SOCIAL | |
| 653 | 0 | _aMADUREZ (INDIVIDUOS) | |
| 653 | 0 | _aMODERNIZACION | |
| 653 | 0 | _aPOLITICA EDUCATIVA | |
| 653 | 0 | _aRELACION EDUCACION-TRABAJO | |
| 904 |
_aAC _b035945 |
||
| 905 | _aArticulo | ||
| 999 |
_c76473 _d76473 |
||